01063agaaa2200253 45000010005000000030009000050050017000140070009000310080040000400400023000801000044001031300026001472450113001732500022002862600125003083000022004335080091004555110034005465200037005805380016006176500061006337000059006947000056007537338IT-RoPAU20220918181258.0d cvaizq50131s9999||||xx ||| | || ||und|| aIT-RoPAUcIT-RoPAU aTharp TwylagCodice regista SPICS: 1791 aCATHERINE WHEEL (THE) aCATHERINE WHEEL (THE)cDiretto da: Tharp TwylapCATHERINE WHEEL (THE) (Rif. Codice opera principale : 37338) aEdizione Standard aROMA (STATI UNITI)bRAI - RADIO TELEVISIONE ITALIANA / Distribuzione: RAIg"1985 (1° ed.: 1985 ; Ed. Lingua Orig.: nd)" aVHSbsonoro, col. a"Fotografia: Tipton Jennifer; Scenografia: Loquasto Santo; Coreografia: Tharp Twyla; " a"Tharp Twyla; Dance; Company" aRASSEGNA INTERNAZIONALE DI DANZA aPAL, STEREO aDANZAeTV-TEATRO/DANZA [VHS]xCodice MATERIA SPICS: 9961 aByrne David e(soggetto)gCodice Soggetto SPICS: 10066 aTharp Twyla e(regista)gCodice regista SPICS: 1791